000 00969nam a2200193 i 4500
001 158948
003 ES-MaACL
005 20250812231042.0
008 021011s1875 sp |||| | spa d
040 _aCCPB | B
_bspa
_cCCPB | B
100 1 _aMartínez de Anguiano, Pedro.
_977975
245 1 0 _aMemoria sobre la glosopeda ó fiebre aftosa /
_cpor Pedro Martínez de Anguiano.
260 _aZaragoza :
_b[s.n.],
_c1875 (
_ftipografía de José María Magallón)
300 _a64 p. ;
_c21 cm.
650 7 _aFiebre aftosa en animales
_2embne
_9141639
852 _aES-MaACL
_jT-680-F-4
_z-- Enc. hol., conservando la cub. original
_z-- An. ms.: ded. del autor a Gustavo Saenz Diez
_z-- Enc. en un vol. facticio
852 _aES-MaACL
_jT-422-F-20
_z-- Enc. hol.
_q-- Falto de la cub. original
_z-- Enc. en un vol. facticio
_z.- Sello de los "Escolares Médicos".-
_z.-Ded. ms. del Gustavo Saenz Diez a la Biblioteca de los Escolares Médicos
999 _c158948
_d158948